Democratic politics-II: textbook in political science for Class X / (Record no. 69)

000 -LEADER
fixed length control field 00519 a2200157 4500
008 - FIXED-LENGTH DATA ELEMENTS--GENERAL INFORMATION
fixed length control field 190917b ||||| |||| 00| 0 eng d
020 ## - INTERNATIONAL STANDARD BOOK NUMBER
International Standard Book Number 8174507116
040 ## - CATALOGING SOURCE
Original cataloging agency IMU-KC
082 00 - DEWEY DECIMAL CLASSIFICATION NUMBER
Classification number 324
Item number N3373
110 ## - MAIN ENTRY--CORPORATE NAME
9 (RLIN) 4922
Corporate name or jurisdiction name as entry element National Council of Educational Research and Training (NCERT)
245 ## - TITLE STATEMENT
Title Democratic politics-II: textbook in political science for Class X /
260 ## - PUBLICATION, DISTRIBUTION, ETC. (IMPRINT)
Place of publication, distribution, etc New Delhi:
Name of publisher, distributor, etc National Council of Educational Research and Training,
Date of publication, distribution, etc 2018.
300 ## - PHYSICAL DESCRIPTION
Extent 295 p.
650 #0 - SUBJECT ADDED ENTRY--TOPICAL TERM
Topical term or geographic name as entry element Political Science
942 ## - ADDED ENTRY ELEMENTS (KOHA)
Source of classification or shelving scheme
Item type Books
Holdings
Withdrawn status Lost status Source of classification or shelving scheme Damaged status Not for loan Permanent location Current location Date acquired Source of acquisition Cost, normal purchase price Full call number Barcode Date last seen Cost, replacement price Koha item type
          IMU Kolkata IMU Kolkata 2019-01-20 Katha-O-Kahini 73.60 324 N3373 13823 2019-09-05 80.00 Books
          IMU Kolkata IMU Kolkata 2019-01-30 Katha-O-Kahini 73.60 324 N3373 13824 2019-09-05 80.00 Books
          IMU Kolkata IMU Kolkata 2019-01-30 Katha-O-Kahini 73.60 324 N3373 13825 2019-09-05 80.00 Books
          IMU Kolkata IMU Kolkata 2019-01-30 Katha-O-Kahini 73.60 324 N3373 13826 2019-09-05 80.00 Books
Designed and Maintained by IMU-KC Library, Kolkata Campus © Copyright All Rights Reserved

webs counters

Powered by Koha